[Event "Titled Tuesday intern op 27th Sep Late"]
[Site "Chess.com INT"]
[Date "2022.09.27"]
[Round "1"]
[White "Al Hosani, Omran"]
[Black "Perestjuk, Marko"]
[Result "1-0"]
[WhiteElo "2261"]
[BlackElo "2171"]
[PlyCount "147"]
[EventDate "2022.09.27"]
[EventType "swiss (blitz)"]
[EventRounds "11"]
[EventCountry "USA"]
[SourceTitle "CBM 210 Extra"]
[Source "ChessBase"]
[SourceDate "2022.11.30"]
[SourceVersion "1"]
[SourceVersionDate "2022.11.30"]
[SourceQuality "1"]

1. Nf3 d5 2. g3 Nf6 3. Bg2 g6 4. 0-0 Bg7 5. d4 0-0 6. c4 c6 7. cxd5 cxd5 8. Nc3 Nc6 9. Bf4 Bf5 10. Ne5 Rc8 11. Nxc6 Rxc6 12. Rc1 Nh5 13. Nxd5 Nxf4 14. Nxf4 Rxc1 15. Qxc1 Qxd4 16. Bxb7 Qxb2 17. Qxb2 Bxb2 18. Bd5 Rc8 19. Bb3 Kg7 20. Rd1 Rc1 21. Rxc1 Bxc1 22. Nd5 Ba3 23. Ne3 Bd7 24. Nc4 Bc5 25. e3 Be6 26. Ne5 Kf6 27. Nd3 Bb6 28. Bxe6 Kxe6 29. Kf1 Kd5 30. Ke2 f6 31. f3 e5 32. Kd2 Kc4 33. e4 Ba5+ 34. Kc2 Kd4 35. Nb2 Bb6 36. Kd2 Ba5+ 37. Kc2 Bd8 38. Nd1 Be7 39. Kd2 Bb4+ 40. Ke2 a5 41. Ne3 Be7 42. Nd5 Bd8 43. Kd2 Kc4 44. Kc2 f5 45. Nc3 h5 46. exf5 gxf5 47. Kd2 Kd4 48. Ne2+ Kc4 49. Kc2 Be7 50. Ng1 Bc5 51. Ne2 e4 52. fxe4 fxe4 53. Nf4 Bg1 54. h3 e3 55. Nxh5 Kd4 56. Nf4 Ke4 57. Kd1 Bh2 58. Ne2 Kf3 59. h4 Bxg3 60. h5 Be5 61. Ke1 Ke4 62. h6 Kd3 63. Kd1 Kc4 64. Kc2 Kb4 65. h7 Ka3 66. Nc3 e2 67. Nxe2 Kxa2 68. Nc1+ Ka3 69. Nb3 a4 70. Nc5 Kb4 71. Nd3+ Ka3 72. Nxe5 Ka2 73. h8Q a3 74. Qh3 1-0

[Event "Titled Tuesday intern op 27th Sep Late"]
[Site "Chess.com INT"]
[Date "2022.09.27"]
[Round "6"]
[White "Howell, David"]
[Black "Perestjuk, Marko"]
[Result "0-1"]
[WhiteElo "2667"]
[BlackElo "2171"]
[PlyCount "60"]
[EventDate "2022.09.27"]
[EventType "swiss (blitz)"]
[EventRounds "11"]
[EventCountry "USA"]
[SourceTitle "CBM 210 Extra"]
[Source "ChessBase"]
[SourceDate "2022.11.30"]
[SourceVersion "1"]
[SourceVersionDate "2022.11.30"]
[SourceQuality "1"]

1. f4 d5 2. Nf3 Nf6 3. g3 g6 4. Bg2 Bg7 5. 0-0 0-0 6. d3 c5 7. Na3 Nc6 8. c3 b6 9. Qc2 Bb7 10. e4 dxe4 11. dxe4 e5 12. f5 Qe7 13. Nc4 Rad8 14. Bg5 h6 15. Bxf6 Bxf6 16. Ne3 Na5 17. Rad1 Rxd1 18. Rxd1 Rd8 19. Bf1 Rxd1 20. Nxd1 gxf5 21. Ne3 Bxe4 22. Nd1 Bxc2 23. Nf2 e4 24. Nd1 Bxd1 25. Ng5 hxg5 26. Bc4 Nxc4 27. h3 e3 28. Kh2 e2 29. Kh1 e1Q+ 30. Kh2 Q7e2# 0-1

[Event "Titled Tuesday intern op 27th Sep Late"]
[Site "Chess.com INT"]
[Date "2022.09.27"]
[Round "4"]
[White "Wan, Caleb"]
[Black "Perestjuk, Marko"]
[Result "0-1"]
[WhiteElo "1994"]
[BlackElo "2171"]
[PlyCount "64"]
[EventDate "2022.09.27"]
[EventType "swiss (blitz)"]
[EventRounds "11"]
[EventCountry "USA"]
[SourceTitle "CBM 210 Extra"]
[Source "ChessBase"]
[SourceDate "2022.11.30"]
[SourceVersion "1"]
[SourceVersionDate "2022.11.30"]
[SourceQuality "1"]

1. e4 c5 2. Nf3 d6 3. d4 cxd4 4. Nxd4 Nf6 5. Nc3 g6 6. Be3 Bg7 7. f3 0-0 8. Qd2 Nc6 9. Bc4 Bd7 10. Bb3 Rc8 11. h4 Ne5 12. 0-0-0 h5 13. Kb1 a6 14. Rdg1 b5 15. g4 Nc4 16. Bxc4 Rxc4 17. Nde2 Qc7 18. Bh6 Rc8 19. Bxg7 Kxg7 20. gxh5 Nxh5 21. Rg5 Rc5 22. Nf4 Nxf4 23. Qxf4 Rxc3 24. bxc3 Qxc3 25. Qc1 Rc4 26. a3 b4 27. Qb2 bxa3 28. Qxc3+ Rxc3 29. f4 Be6 30. Rh2 a2+ 31. Kb2 Rf3 32. f5 Rf1 0-1

[Event "Titled Tuesday intern op 20th Sep Late"]
[Site "Chess.com INT"]
[Date "2022.09.20"]
[Round "6"]
[White "Perestjuk, Marko"]
[Black "Makaraci, Tunahan"]
[Result "1-0"]
[WhiteElo "2171"]
[BlackElo "2275"]
[PlyCount "115"]
[EventDate "2022.09.20"]
[EventType "swiss (blitz)"]
[EventRounds "11"]
[EventCountry "USA"]
[SourceTitle "EXT 2023"]
[Source "ChessBase"]
[SourceDate "2022.10.05"]
[SourceVersion "1"]
[SourceVersionDate "2022.10.05"]
[SourceQuality "1"]

1. d4 d5 2. c4 e6 3. Nf3 c5 4. cxd5 exd5 5. Nc3 Nc6 6. Bg5 f6 7. Be3 c4 8. g3 Bb4 9. Bg2 Nge7 10. 0-0 0-0 11. a3 Bxc3 12. bxc3 Nf5 13. Bf4 g5 14. Bd2 Nd6 15. Rb1 Ne4 16. Ne1 b6 17. f3 Nd6 18. e4 Bb7 19. exd5 Ne7 20. f4 Bxd5 21. fxg5 Bxg2 22. Nxg2 f5 23. Nf4 Qd7 24. Qh5 Ne4 25. g6 Nf6 26. gxh7+ Nxh7 27. Rbe1 Rae8 28. Ne6 Rf6 29. Ng5 Nxg5 30. Bxg5 Rf7 31. Re5 Rh7 32. Qe2 Rg7 33. Bh4 Kf8 34. Qxc4 Nc6 35. Rfxf5+ Rf7 36. Rxf7+ Qxf7 37. Qxc6 Rxe5 38. dxe5 Qb3 39. Qf6+ Kg8 40. Qg6+ Kf8 41. Qh6+ Kg8 42. Qg5+ Kf8 43. Qf4+ Kg8 44. Qg4+ Kf8 45. Qc8+ Kf7 46. Qd7+ Kg8 47. e6 Qb1+ 48. Kg2 Qc2+ 49. Kf3 Qf5+ 50. Ke3 Qe5+ 51. Kd3 Qf5+ 52. Kc4 Qf1+ 53. Kd5 Qd3+ 54. Kc6 Qc4+ 55. Kb7 Qe4+ 56. Kc8 Qc4+ 57. Kd8 Qc5 58. e7 1-0

[Event "Titled Tuesday intern op 20th Sep Late"]
[Site "Chess.com INT"]
[Date "2022.09.20"]
[Round "3"]
[White "Perestjuk, Marko"]
[Black "Ozalp, Burak"]
[Result "1-0"]
[WhiteElo "2171"]
[BlackElo "2206"]
[PlyCount "79"]
[EventDate "2022.09.20"]
[EventType "swiss (blitz)"]
[EventRounds "11"]
[EventCountry "USA"]
[SourceTitle "EXT 2023"]
[Source "ChessBase"]
[SourceDate "2022.10.05"]
[SourceVersion "1"]
[SourceVersionDate "2022.10.05"]
[SourceQuality "1"]

1. d4 Nf6 2. c4 e6 3. Nf3 b6 4. Nc3 Bb7 5. e3 Bb4 6. Bd2 0-0 7. Bd3 Bxc3 8. Bxc3 d6 9. Qe2 Ne4 10. Rc1 Nd7 11. 0-0 Qe7 12. Nd2 Nxd2 13. Qxd2 e5 14. b4 Qg5 15. d5 Rae8 16. e4 Qxd2 17. Bxd2 Bc8 18. a4 g6 19. a5 f5 20. axb6 axb6 21. f3 Bb7 22. Be3 f4 23. Bf2 Ra8 24. Ra1 g5 25. Rfc1 h5 26. h3 Kf7 27. Kf1 Ke7 28. Ke2 Rg8 29. c5 bxc5 30. bxc5 dxc5 31. Bb5 g4 32. hxg4 hxg4 33. fxg4 Rxg4 34. Rxa8 Bxa8 35. Kf3 Rg8 36. Rh1 Rg7 37. Rh6 Bb7 38. Re6+ Kd8 39. Bh4+ Kc8 40. Re8# 1-0

[Event "Titled Tuesday intern op 20th Sep Late"]
[Site "Chess.com INT"]
[Date "2022.09.20"]
[Round "1"]
[White "Winterberg, Lukas"]
[Black "Perestjuk, Marko"]
[Result "1-0"]
[WhiteElo "2394"]
[BlackElo "2171"]
[PlyCount "89"]
[EventDate "2022.09.20"]
[EventType "swiss (blitz)"]
[EventRounds "11"]
[EventCountry "USA"]
[SourceTitle "EXT 2023"]
[Source "ChessBase"]
[SourceDate "2022.10.05"]
[SourceVersion "1"]
[SourceVersionDate "2022.10.05"]
[SourceQuality "1"]

1. Nf3 g6 2. e4 d6 3. d4 Bg7 4. c3 a6 5. a4 Nf6 6. Bd3 0-0 7. h3 c5 8. 0-0 Nbd7 9. Re1 e5 10. d5 b6 11. Nbd2 Rb8 12. Nf1 b5 13. Ng3 c4 14. Bc2 Nc5 15. axb5 axb5 16. Be3 Qc7 17. Nh2 Bd7 18. Ng4 Nxg4 19. hxg4 Ra8 20. f3 Rfb8 21. Qd2 Bf6 22. g5 Bg7 23. Qf2 Na4 24. Bd1 b4 25. cxb4 Rxb4 26. Bxa4 Raxa4 27. Rxa4 Bxa4 28. Rc1 Qb7 29. Qf1 Bb5 30. Qf2 Ba6 31. Rc2 Bf8 32. Nf1 Rb3 33. Nh2 Bg7 34. Ng4 Qb4 35. Nf6+ Bxf6 36. gxf6 Qb8 37. Ba7 Qd8 38. Qh4 h5 39. Qg5 Kh7 40. Be3 Qf8 41. g4 Rxe3 42. Qxe3 Qh6 43. g5 Qf8 44. Qb6 Qb8 45. Qxb8 1-0

[Event "Titled Tuesday intern op 30th Aug Late"]
[Site "Chess.com INT"]
[Date "2022.08.30"]
[Round "8"]
[White "Krylov, Ivan"]
[Black "Perestjuk, Marko"]
[Result "0-1"]
[WhiteElo "2426"]
[BlackElo "2171"]
[PlyCount "74"]
[EventDate "2022.08.30"]
[EventType "swiss (blitz)"]
[EventRounds "11"]
[EventCountry "USA"]
[SourceTitle "EXT 2023"]
[Source "ChessBase"]
[SourceDate "2022.10.05"]
[SourceVersion "1"]
[SourceVersionDate "2022.10.05"]
[SourceQuality "1"]

1. e4 c5 2. c3 d5 3. exd5 Qxd5 4. d4 Nf6 5. Nf3 Bg4 6. Be3 Nc6 7. Be2 cxd4 8. Nxd4 Bxe2 9. Qxe2 e6 10. 0-0 Be7 11. Nd2 0-0 12. Rad1 Rac8 13. N2f3 Qh5 14. Nxc6 Rxc6 15. Bxa7 Ra6 16. Bd4 Rxa2 17. Qc2 Ra5 18. Ne5 Bd6 19. f4 Bxe5 20. Bxe5 Ng4 21. h3 Ne3 22. Qb3 Nxd1 23. Rxd1 Qe2 24. Rf1 Rb5 25. Qd1 Qxd1 26. Rxd1 Rxb2 27. Rd7 b5 28. Rb7 f6 29. Bd6 Rd8 30. Bb4 Rdd2 31. h4 Rxg2+ 32. Kf1 Rgf2+ 33. Ke1 Rxf4 34. h5 h6 35. Rxb5 Rh4 36. Rb8+ Kh7 37. Kd1 Rh1# 0-1

[Event "Titled Tuesday intern op 30th Aug Late"]
[Site "Chess.com INT"]
[Date "2022.08.30"]
[Round "2"]
[White "Perestjuk, Marko"]
[Black "Omariev, Maksim"]
[Result "0-1"]
[WhiteElo "2171"]
[BlackElo "2304"]
[PlyCount "52"]
[EventDate "2022.08.30"]
[EventType "swiss (blitz)"]
[EventRounds "11"]
[EventCountry "USA"]
[SourceTitle "EXT 2023"]
[Source "ChessBase"]
[SourceDate "2022.10.05"]
[SourceVersion "1"]
[SourceVersionDate "2022.10.05"]
[SourceQuality "1"]

1. e4 c5 2. Nf3 d6 3. Bb5+ Nd7 4. 0-0 Ngf6 5. Qe2 a6 6. Bd3 e5 7. c3 b5 8. a4 c4 9. Bc2 Bb7 10. d3 cxd3 11. Bxd3 bxa4 12. Rxa4 Nc5 13. Rc4 Be7 14. Bg5 a5 15. Bxf6 Bxf6 16. Rxc5 dxc5 17. Bb5+ Ke7 18. Rd1 Qb6 19. Rd7+ Kf8 20. Qc4 Be7 21. Nxe5 Qf6 22. Ng4 Qg5 23. Ne3 Bc8 24. Rc7 Be6 25. Nd5 Bd6 26. Rc6 Rd8 0-1

[Event "Titled Tuesday intern op 18th May"]
[Site "Chess.com INT"]
[Date "2021.05.18"]
[Round "3"]
[White "Perestjuk, Marko"]
[Black "Alboredo, Julia"]
[Result "1-0"]
[WhiteElo "2160"]
[BlackElo "2182"]
[PlyCount "119"]
[EventDate "2021.05.18"]
[EventType "swiss (blitz)"]
[EventRounds "11"]
[EventCountry "USA"]
[SourceTitle "CBM 202 Extra"]
[Source "ChessBase"]
[SourceDate "2021.07.31"]
[SourceVersion "1"]
[SourceVersionDate "2021.07.31"]
[SourceQuality "1"]

1. e4 c5 2. Nf3 d6 3. Bb5+ Nd7 4. d4 cxd4 5. Qxd4 a6 6. Bxd7+ Bxd7 7. Bg5 Rc8 8. Nc3 e5 9. Qd2 Qc7 10. 0-0 Be6 11. Rac1 h6 12. Bh4 g5 13. Bg3 Nf6 14. Rfd1 Be7 15. h3 b5 16. a3 Qc4 17. Qe3 Rg8 18. Nd2 Qc7 19. Nf1 Qc5 20. Rd2 a5 21. Rcd1 b4 22. axb4 axb4 23. Na4 Qxe3 24. Nxe3 b3 25. Nc3 bxc2 26. Nxc2 Bb3 27. Re1 h5 28. Ne3 Be6 29. Ned5 h4 30. Bh2 Nxd5 31. Nxd5 g4 32. hxg4 Rxg4 33. f3 Rg6 34. Kf2 Bxd5 35. Rxd5 Rc2+ 36. Ke3 Rgxg2 37. Bg1 Rxb2 38. Ra5 Kf8 39. Kd3 Rb3+ 40. Kc4 Rxf3 41. Be3 Rh3 42. Bh6+ Kg8 43. Ra7 Kh7 44. Rxe7 Kxh6 45. Rxf7 Rg4 46. Rf6+ Kg5 47. Rxd6 Ra3 48. Kd5 Ra5+ 49. Ke6 h3 50. Rh1 Kh4 51. Kf5 Rg5+ 52. Kf6 Rh5 53. Rd5 Ra6+ 54. Kg7 Kg3 55. Rdd1 h2 56. Kf7 Rh4 57. Rde1 Rf4+ 58. Kg7 Rf2 59. Re3+ Kg2 60. Ree1 1-0

[Event "Titled Tuesday intern op 18th May"]
[Site "Chess.com INT"]
[Date "2021.05.18"]
[Round "4"]
[White "Perestjuk, Marko"]
[Black "Tokman, Ariel"]
[Result "0-1"]
[WhiteElo "2160"]
[BlackElo "2316"]
[PlyCount "38"]
[EventDate "2021.05.18"]
[EventType "swiss (blitz)"]
[EventRounds "11"]
[EventCountry "USA"]
[SourceTitle "CBM 202 Extra"]
[Source "ChessBase"]
[SourceDate "2021.07.31"]
[SourceVersion "1"]
[SourceVersionDate "2021.07.31"]
[SourceQuality "1"]

1. e4 c6 2. d4 d5 3. exd5 cxd5 4. Bd3 Nc6 5. c3 g6 6. h3 Bg7 7. Qc2 Nh6 8. Bxh6 Bxh6 9. Nf3 Qd6 10. Nbd2 Qf6 11. 0-0 Bf5 12. Bxf5 gxf5 13. Rfe1 Rg8 14. Kh1 e6 15. Ne5 Nxe5 16. Re4 fxe4 17. dxe5 Qxf2 18. Qa4+ Kf8 19. Rg1 Bxd2 0-1

[Event "GER-ch Net blitz qual4"]
[Site "Playchess.com INT"]
[Date "2021.05.10"]
[Round "2"]
[White "Bascheck, Ralf"]
[Black "Perestjuk, Marko"]
[Result "0-1"]
[WhiteElo "1571"]
[BlackElo "1921"]
[PlyCount "76"]
[EventDate "2021.05.10"]
[EventType "swiss (blitz)"]
[EventRounds "11"]
[EventCountry "GER"]
[SourceTitle "CBM 202 Extra"]
[Source "ChessBase"]
[SourceDate "2021.07.31"]
[SourceVersion "1"]
[SourceVersionDate "2021.07.31"]
[SourceQuality "1"]

1. Nf3 d5 2. g3 g6 3. Bg2 Bg7 4. d4 Nf6 5. 0-0 0-0 6. c4 dxc4 7. Ne5 Nbd7 8. Nxc4 c6 9. Nc3 Nb6 10. Nxb6 Qxb6 11. e4 Rd8 12. Ne2 Be6 13. b3 c5 14. d5 Nxd5 15. Rb1 Nc3 16. Qc2 Nxb1 17. Qxb1 c4 18. Be3 Qb4 19. Nf4 Rd6 20. Nd5 Bxd5 21. exd5 cxb3 22. Qxb3 Qxb3 23. axb3 b6 24. Rc1 Rad8 25. Rc7 R6d7 26. Rc2 Be5 27. f4 Bd6 28. Bf2 Rc7 29. Rxc7 Bxc7 30. Bf1 Bd6 31. Bc4 Rc8 32. Kg2 Bc5 33. Be1 Kf8 34. Bc3 h5 35. Be5 Bd6 36. Bc3 Ke8 37. h3 Kf8 38. Kf3 b5 0-1

[Event "GER-ch Net blitz qual4"]
[Site "Playchess.com INT"]
[Date "2021.05.10"]
[Round "4"]
[White "Perestjuk, Marko"]
[Black "Brunke, Pascal"]
[Result "1-0"]
[WhiteElo "1921"]
[BlackElo "2068"]
[PlyCount "101"]
[EventDate "2021.05.10"]
[EventType "swiss (blitz)"]
[EventRounds "11"]
[EventCountry "GER"]
[SourceTitle "CBM 202 Extra"]
[Source "ChessBase"]
[SourceDate "2021.07.31"]
[SourceVersion "1"]
[SourceVersionDate "2021.07.31"]
[SourceQuality "1"]

1. e4 b6 2. c4 Bb7 3. Nc3 c5 4. d3 e6 5. g3 Nc6 6. Bg2 Nf6 7. f4 d6 8. Nge2 Be7 9. 0-0 0-0 10. h3 a6 11. Be3 Qc7 12. Kh2 Rad8 13. Rc1 Rfe8 14. d4 cxd4 15. Nxd4 Nxd4 16. Qxd4 e5 17. Qxb6 Qb8 18. Nd5 Bxd5 19. cxd5 Qxb6 20. Bxb6 Rb8 21. Rc6 Rec8 22. Rfc1 Rxc6 23. dxc6 Ne8 24. c7 Rc8 25. h4 f5 26. Bf1 Nxc7 27. Rxc7 Rb8 28. Rc6 fxe4 29. Bc4+ Kf8 30. fxe5 dxe5 31. a4 g5 32. hxg5 Bxg5 33. a5 Bc1 34. b3 e3 35. Bxa6 e4 36. Be2 Kg7 37. Rc3 Rf8 38. Bxe3 Bb2 39. Rc7+ Kf6 40. a6 Be5 41. Rc6+ Kf5 42. a7 Rg8 43. Bf2 e3 44. Be1 Ke4 45. Ra6 Ra8 46. Kg2 Bd4 47. Bf3+ Kd3 48. Bxa8 e2 49. Be4+ Kxe4 50. a8Q+ Kd3 51. Qf3+ 1-0

[Event "GER-ch Net blitz qual4"]
[Site "Playchess.com INT"]
[Date "2021.05.10"]
[Round "6"]
[White "Wessendorf, Thomas"]
[Black "Perestjuk, Marko"]
[Result "0-1"]
[WhiteElo "2089"]
[BlackElo "1921"]
[PlyCount "114"]
[EventDate "2021.05.10"]
[EventType "swiss (blitz)"]
[EventRounds "11"]
[EventCountry "GER"]
[SourceTitle "CBM 202 Extra"]
[Source "ChessBase"]
[SourceDate "2021.07.31"]
[SourceVersion "1"]
[SourceVersionDate "2021.07.31"]
[SourceQuality "1"]

1. e4 c5 2. Nf3 d6 3. d4 cxd4 4. Nxd4 Nf6 5. Nc3 Bd7 6. Be3 e5 7. Nb3 Be7 8. f3 0-0 9. Qd2 a5 10. a4 Nc6 11. Bb5 Be6 12. 0-0 Nb4 13. Qf2 d5 14. Bb6 Qd6 15. Bc5 Qc7 16. Bxe7 Qxe7 17. exd5 Nfxd5 18. Ne4 Rfd8 19. Rfe1 Rac8 20. c3 Nc6 21. Nbc5 Bf5 22. Ng3 Bg6 23. Rad1 Nf4 24. Nce4 h5 25. Qb6 h4 26. Nf1 Bxe4 27. fxe4 Qg5 28. g3 Rxd1 29. Rxd1 Qg4 30. Ne3 Nh3+ 31. Kg2 Nf4+ 32. Kf2 hxg3+ 33. hxg3 Nh3+ 34. Kg2 Ng5 35. Rf1 Qxe4+ 36. Kg1 Nf3+ 37. Kf2 Nd2 38. Be2 Nxf1 39. Bxf1 Ne7 40. Bg2 Qd3 41. Qxa5 Qd2+ 42. Kf3 Ng6 43. Qd5 Qxb2 44. Qd7 Qxc3 45. Kf2 Qb2+ 46. Kg1 Qc1+ 47. Kh2 Qc7 48. Qd3 Rd8 49. Qf5 Qd7 50. Qe4 Qd4 51. Qf3 Qxa4 52. Nf5 Qd7 53. Qg4 b5 54. Be4 b4 55. Bb1 b3 56. Kh3 b2 57. Qg5 Qd2 0-1

[Event "GER-ch Net blitz qual3"]
[Site "Playchess.com INT"]
[Date "2021.05.07"]
[Round "5"]
[White "Miller, Eduard"]
[Black "Perestjuk, Marko"]
[Result "1-0"]
[WhiteElo "2234"]
[BlackElo "1981"]
[PlyCount "119"]
[EventDate "2021.05.07"]
[EventType "swiss (blitz)"]
[EventRounds "11"]
[EventCountry "GER"]
[SourceTitle "CBM 202 Extra"]
[Source "ChessBase"]
[SourceDate "2021.07.31"]
[SourceVersion "1"]
[SourceVersionDate "2021.07.31"]
[SourceQuality "1"]

1. e4 c5 2. Nc3 a6 3. f4 b5 4. Nf3 Bb7 5. d3 b4 6. Na4 e6 7. Be2 d5 8. 0-0 dxe4 9. Ne5 Nf6 10. Be3 Qc7 11. dxe4 Bxe4 12. Bf3 Bxf3 13. Qxf3 Ra7 14. Rad1 Be7 15. Nc4 0-0 16. f5 e5 17. Qg3 Nbd7 18. Bh6 Nh5 19. Qf3 Nhf6 20. Qg3 Nh5 21. Qf3 Ndf6 22. Be3 e4 23. Qe2 g6 24. Nab6 Rd8 25. Rxd8+ Qxd8 26. Rd1 Qe8 27. fxg6 hxg6 28. Nd5 Nxd5 29. Rxd5 Rc7 30. b3 Nf6 31. Re5 Qd7 32. h3 Bd6 33. Nxd6 Qxd6 34. Bf4 Qd4+ 35. Qe3 Qxe3+ 36. Bxe3 Kg7 37. Rxc5 Rd7 38. Rc4 Rd1+ 39. Kf2 Nd5 40. Bd4+ Kh6 41. Ke2 Rc1 42. Rc5 Nc3+ 43. Rxc3 bxc3 44. Be3+ Kh5 45. Bxc1 Kh4 46. Kf2 g5 47. b4 f5 48. a4 f4 49. b5 e3+ 50. Kf3 axb5 51. axb5 g4+ 52. hxg4 e2 53. Kxe2 f3+ 54. gxf3 Kh3 55. b6 Kg3 56. b7 Kg2 57. b8Q Kg1 58. Qg3+ Kh1 59. Qh3+ Kg1 60. Be3# 1-0

[Event "GER-ch Net blitz qual3"]
[Site "Playchess.com INT"]
[Date "2021.05.07"]
[Round "7"]
[White "Moewisch, Dave"]
[Black "Perestjuk, Marko"]
[Result "1-0"]
[WhiteElo "1767"]
[BlackElo "1981"]
[PlyCount "91"]
[EventDate "2021.05.07"]
[EventType "swiss (blitz)"]
[EventRounds "11"]
[EventCountry "GER"]
[SourceTitle "CBM 202 Extra"]
[Source "ChessBase"]
[SourceDate "2021.07.31"]
[SourceVersion "1"]
[SourceVersionDate "2021.07.31"]
[SourceQuality "1"]

1. e4 c5 2. Nf3 d6 3. d4 cxd4 4. Nxd4 Nf6 5. Nc3 g6 6. Be3 Bg7 7. f3 0-0 8. Bc4 Nc6 9. Qd2 Bd7 10. 0-0-0 Ne5 11. Bb3 Rc8 12. Kb1 a6 13. h4 h5 14. Nd5 b5 15. Nxf6+ Bxf6 16. g4 Nc4 17. Bxc4 bxc4 18. gxh5 c3 19. Qg2 Kh7 20. hxg6+ fxg6 21. h5 g5 22. f4 Qb6 23. b3 g4 24. Nf5 Qa5 25. Qxg4 Rg8 26. Qe2 Bxf5 27. exf5 Qxf5 28. Qf3 a5 29. Rd5 Qe6 30. Bc1 a4 31. Qd3+ Kh8 32. f5 Qd7 33. Be3 axb3 34. cxb3 c2+ 35. Kc1 Qc6 36. Bd4 Rgf8 37. Bxf6+ Rxf6 38. Rg1 Rg8 39. Rxg8+ Kxg8 40. Rd4 Qc5 41. Rg4+ Kf8 42. Qxc2 Qxc2+ 43. Kxc2 Rxf5 44. Rh4 Rf2+ 45. Kb1 Kg7 46. a4 1-0

[Event "GER-ch Net blitz qual3"]
[Site "Playchess.com INT"]
[Date "2021.05.07"]
[Round "6"]
[White "Perestjuk, Marko"]
[Black "Leidorf, Sebastian"]
[Result "1/2-1/2"]
[WhiteElo "1981"]
[BlackElo "1788"]
[PlyCount "107"]
[EventDate "2021.05.07"]
[EventType "swiss (blitz)"]
[EventRounds "11"]
[EventCountry "GER"]
[SourceTitle "CBM 202 Extra"]
[Source "ChessBase"]
[SourceDate "2021.07.31"]
[SourceVersion "1"]
[SourceVersionDate "2021.07.31"]
[SourceQuality "1"]

1. e4 c6 2. d4 d5 3. e5 Bf5 4. h4 h5 5. c4 e6 6. Nc3 Ne7 7. Nf3 Nd7 8. Bg5 dxc4 9. Bxc4 Nb6 10. Be2 Qd7 11. 0-0 Ned5 12. a4 a5 13. Nd2 g6 14. Nde4 Bxe4 15. Nxe4 Be7 16. Bxe7 Qxe7 17. Nd6+ Kf8 18. Qd2 Kg7 19. g3 Nc8 20. Ne4 Rd8 21. Rfd1 Ncb6 22. b3 Nb4 23. Rac1 N6d5 24. Bc4 Rac8 25. Nd6 Rc7 26. Bxd5 Nxd5 27. Qxa5 Rcd7 28. Qc5 Nc7 29. b4 Nd5 30. b5 cxb5 31. axb5 f6 32. Ne4 fxe5 33. dxe5 Qxc5 34. Nxc5 Re7 35. Rd2 Ra8 36. Nxe6+ Rxe6 37. Rxd5 Re7 38. Rcd1 Rae8 39. f4 Kf7 40. Rd7 Ke6 41. R1d6+ Kf5 42. Rf6+ Kg4 43. Rxe7 Rxe7 44. Kg2 Rd7 45. Rxg6+ Kf5 46. Rg5+ Ke4 47. Rxh5 Rd2+ 48. Kh3 Kf3 49. Rh8 Rd1 50. Kh2 Rd2+ 51. Kg1 Rd1+ 52. Kh2 Rd2+ 53. Kh3 Rd1 54. Kh2 1/2-1/2

[Event "GER-ch Net blitz qual3"]
[Site "Playchess.com INT"]
[Date "2021.05.07"]
[Round "3"]
[White "Perestjuk, Marko"]
[Black "Powalla, Christian"]
[Result "1-0"]
[WhiteElo "1981"]
[BlackElo "1637"]
[PlyCount "141"]
[EventDate "2021.05.07"]
[EventType "swiss (blitz)"]
[EventRounds "11"]
[EventCountry "GER"]
[SourceTitle "CBM 202 Extra"]
[Source "ChessBase"]
[SourceDate "2021.07.31"]
[SourceVersion "1"]
[SourceVersionDate "2021.07.31"]
[SourceQuality "1"]

1. e4 e5 2. Nf3 Nc6 3. Bb5 g6 4. 0-0 Bg7 5. c3 a6 6. Ba4 d6 7. h3 Bd7 8. d4 Nf6 9. Bg5 0-0 10. Nbd2 h6 11. Bh4 Qe8 12. Re1 b5 13. Bc2 Ne7 14. dxe5 Nh5 15. exd6 cxd6 16. Nf1 g5 17. Bg3 Nxg3 18. Nxg3 Rd8 19. Qxd6 Bxh3 20. Qxa6 Bd7 21. Rad1 Ng6 22. Nf5 Bxf5 23. exf5 Rxd1 24. Rxd1 Nf4 25. f6 Bh8 26. Qd6 Qe6 27. Qxe6 fxe6 28. Nd4 Bxf6 29. Nxb5 Rb8 30. a4 Kf7 31. b4 Ne2+ 32. Kf1 Nxc3 33. Nxc3 Bxc3 34. b5 Ba5 35. Ke2 Ke7 36. Kf3 Rc8 37. Bd3 Rc3 38. Kg4 Ra3 39. Bc2 Ra2 40. Bb3 Kf6 41. Kf3 Ra3 42. Rd3 e5 43. Ke4 Ra1 44. g4 Re1+ 45. Re3 Rxe3+ 46. Kxe3 Bb6+ 47. Kf3 Ba5 48. Ke4 Bb6 49. f3 Ba5 50. Kd5 Bb6 51. Kc6 Ba5 52. b6 e4 53. fxe4 Ke5 54. b7 Kxe4 55. b8Q Kf3 56. Qb5 Be1 57. Bd1+ Kg3 58. Qd3+ Kh2 59. Qe2+ Kh3 60. Qxe1 h5 61. Qh1+ Kg3 62. Qxh5 Kg2 63. a5 Kg3 64. Qxg5 Kg2 65. a6 Kg3 66. a7 Kg2 67. a8Q Kg3 68. Qf5 Kh4 69. g5 Kg3 70. Qa3+ Kh4 71. Qg4# 1-0

[Event "GER-ch Net blitz qual3"]
[Site "Playchess.com INT"]
[Date "2021.05.07"]
[Round "4"]
[White "Promyshlyanskiy, Vitaliy"]
[Black "Perestjuk, Marko"]
[Result "1-0"]
[WhiteElo "2186"]
[BlackElo "1981"]
[PlyCount "71"]
[EventDate "2021.05.07"]
[EventType "swiss (blitz)"]
[EventRounds "11"]
[EventCountry "GER"]
[SourceTitle "CBM 202 Extra"]
[Source "ChessBase"]
[SourceDate "2021.07.31"]
[SourceVersion "1"]
[SourceVersionDate "2021.07.31"]
[SourceQuality "1"]

1. e4 c5 2. Nc3 a6 3. g3 b5 4. Bg2 Bb7 5. d3 b4 6. Nb1 e6 7. f4 d5 8. Qe2 Nf6 9. Nd2 Be7 10. Ngf3 0-0 11. 0-0 a5 12. b3 Nc6 13. Bb2 Rc8 14. Ne5 Nd4 15. Qd1 dxe4 16. Nxe4 Nxe4 17. dxe4 Qc7 18. Re1 Rfd8 19. Qc1 Ba6 20. Kh1 c4 21. Bxd4 Rxd4 22. Qe3 Rcd8 23. Nf3 R4d7 24. Bf1 Qc6 25. Ne5 Qb7 26. Nxd7 Qxd7 27. Bxc4 Bxc4 28. bxc4 h5 29. Rad1 Qxd1 30. Rxd1 Rxd1+ 31. Kg2 h4 32. c5 Ra1 33. c6 Rxa2 34. Qb3 h3+ 35. Kxh3 Ra1 36. c7 1-0

[Event "GER-ch Net blitz qual1"]
[Site "Playchess.com INT"]
[Date "2021.04.24"]
[Round "8"]
[White "Perestjuk, Marko"]
[Black "Kettner Nikolaus, Frank"]
[Result "1-0"]
[WhiteElo "2017"]
[BlackElo "1763"]
[PlyCount "91"]
[EventDate "2021.04.24"]
[EventType "swiss (blitz)"]
[EventRounds "11"]
[EventCountry "GER"]
[SourceTitle "CBM 202 Extra"]
[Source "ChessBase"]
[SourceDate "2021.07.31"]
[SourceVersion "1"]
[SourceVersionDate "2021.07.31"]
[SourceQuality "1"]

1. e4 c5 2. Nf3 d6 3. Bb5+ Nd7 4. d4 a6 5. Bxd7+ Bxd7 6. Bg5 cxd4 7. Qxd4 h6 8. Bh4 Qa5+ 9. Nc3 e5 10. Qd3 Rc8 11. 0-0 g5 12. Bg3 Be6 13. Rfd1 Nf6 14. Nd2 Be7 15. Nf1 0-0 16. Ne3 Ng4 17. Nxg4 Bxg4 18. Nd5 Bd8 19. f3 Be6 20. c3 Rc6 21. Bf2 Bxd5 22. Qxd5 Qxd5 23. Rxd5 f5 24. exf5 Rxf5 25. Rad1 Be7 26. a4 Rf7 27. Be1 Rc4 28. b3 Rc8 29. c4 Bf8 30. Bb4 Rf6 31. Bxd6 Bxd6 32. Rxd6 Rxd6 33. Rxd6 Kg7 34. Kf2 Rc7 35. Ke3 h5 36. Re6 Rc5 37. Re7+ Kf6 38. Rxb7 Rc6 39. a5 Rd6 40. Rb6 Ke6 41. Rxd6+ Kxd6 42. Ke4 Ke6 43. b4 Kd6 44. b5 Ke6 45. bxa6 Kd6 46. a7 1-0